000 00533cam a22002177a 4500
003 Nust
005 20211130105346.0
008 170106b xxu||||| |||| 00| 0 eng d
020 _a1-84480-040-7
038 _aKhadija
040 _cC
082 _a658.5
_bWIL
100 _aWild, Ray
_935794
245 _aOperation Management
_cRay Wild
_bwith CD -ROM /
250 _a6th ed.
260 _aAustralia
_bThomson
_c2003
300 _a870 p : ,
_b29 cm.
_eCD-ROM
500 _aPaperback.
563 _apaperback
942 _cBK
_2ddc
999 _c34097
_d34097